[Event "Florianopolis op 3rd"]
[Site "Florianopolis"]
[Date "2017.01.25"]
[Round "8"]
[White "Camargo, Luca Oshiro"]
[Black "Dos Santos, Jose Fernando Jr"]
[Result "0-1"]
[WhiteElo "1742"]
[BlackElo "1816"]
[PlyCount "62"]
[EventDate "2017.01.20"]
[EventType "swiss"]
[EventRounds "10"]
[EventCountry "BRA"]
[SourceTitle "CBM 176 Extra"]
[Source "ChessBase"]
[SourceDate "2017.03.02"]
[SourceVersion "1"]
[SourceVersionDate "2017.03.02"]
[SourceQuality "1"]

1. e4 c5 2. Nf3 d6 3. Bb5+ Bd7 4. Bxd7+ Qxd7 5. c4 Nf6 6. Nc3 g6 7. d4 cxd4 8. Nxd4 Bg7 9. f3 Nc6 10. Be3 0-0 11. 0-0 Rfe8 12. Rc1 Ne5 13. Qe2 b6 14. Rfd1 Rac8 15. b3 Qb7 16. Nd5 Nxd5 17. cxd5 Qd7 18. f4 Ng4 19. Nc6 Nxe3 20. Qxe3 e6 21. Qd3 Bh6 22. g3 e5 23. Qf3 Qh3 24. Ne7+ Rxe7 25. Rxc8+ Qxc8 26. fxe5 Rxe5 27. Kh1 Qc2 28. Re1 f5 29. Re2 Qb1+ 30. Kg2 Rxe4 31. Rf2 Re3 0-1

[Event "Florianopolis op 3rd"]
[Site "Florianopolis"]
[Date "2017.01.23"]
[Round "6"]
[White "Noronha, Natanael Muana C"]
[Black "Dos Santos, Jose Fernando Jr"]
[Result "1-0"]
[WhiteElo "1844"]
[BlackElo "1816"]
[PlyCount "47"]
[EventDate "2017.01.20"]
[EventType "swiss"]
[EventRounds "10"]
[EventCountry "BRA"]
[SourceTitle "CBM 176 Extra"]
[Source "ChessBase"]
[SourceDate "2017.03.02"]
[SourceVersion "1"]
[SourceVersionDate "2017.03.02"]
[SourceQuality "1"]

1. e4 c5 2. Nc3 d6 3. f4 Nc6 4. Nf3 g6 5. Bb5 Bd7 6. Bxc6 Bxc6 7. 0-0 Bg7 8. d3 Nf6 9. Qe1 0-0 10. Qh4 e6 11. f5 exf5 12. Bg5 h6 13. Bxh6 Bxh6 14. Qxh6 Ng4 15. Qf4 fxe4 16. Ng5 Nh6 17. dxe4 Qe7 18. Rf3 Kg7 19. Rh3 Qe5 20. Ne6+ Qxe6 21. Qxh6+ Kf6 22. Nd5+ Bxd5 23. exd5 Qxd5 24. Re3 1-0

[Event "Florianopolis op 3rd"]
[Site "Florianopolis"]
[Date "2017.01.20"]
[Round "1"]
[White "Dos Santos, Jose Fernando Jr"]
[Black "Carmo, Pedro Henrique Prad"]
[Result "1/2-1/2"]
[WhiteElo "1816"]
[BlackElo "1618"]
[PlyCount "65"]
[EventDate "2017.01.20"]
[EventType "swiss"]
[EventRounds "10"]
[EventCountry "BRA"]
[SourceTitle "CBM 176 Extra"]
[Source "ChessBase"]
[SourceDate "2017.03.02"]
[SourceVersion "1"]
[SourceVersionDate "2017.03.02"]
[SourceQuality "1"]

1. e4 Nf6 2. e5 Nd5 3. d4 Nc6 4. c4 Nb6 5. f4 d6 6. d5 Nb8 7. Bd3 e6 8. Nf3 exd5 9. cxd5 Nxd5 10. Bb5+ c6 11. Qxd5 cxb5 12. Qxb5+ Qd7 13. Nc3 Be7 14. Qxd7+ Nxd7 15. Nb5 0-0 16. exd6 Bf6 17. 0-0 Nb6 18. Ne5 Rd8 19. Rd1 Be6 20. Nc7 Rac8 21. Nxe6 fxe6 22. Be3 Nd5 23. Bxa7 Nxf4 24. Nd3 Nxd3 25. Rxd3 Bxb2 26. Rb1 Be5 27. d7 Rc7 28. Rbd1 Rc2 29. Re3 Bc7 30. Rxe6 Rxa2 31. Bb8 Bb6+ 32. Kh1 Rxd7 33. Rde1 1/2-1/2